000 00281nam a2200121Ia 4500
008 221030s9999 xx 000 0 und d
041 _aEnglish
100 _aA. Kazmi
245 0 _aBusiness Policy & Strategic Management
_cby A. Kazmi
260 _c0
650 _aMb
942 _cBK
999 _c14300
_d14300